[Event "Lille Luce op 5th"]
[Site "Lille"]
[Date "2014.05.01"]
[Round "5"]
[White "Rouze, Xavier"]
[Black "Loiseau, Quentin"]
[Result "0-1"]
[WhiteElo "2084"]
[BlackElo "2388"]
[PlyCount "68"]
[EventDate "2014.04.28"]
[EventType "swiss"]
[EventRounds "9"]
[EventCountry "FRA"]
[SourceTitle "CBM 160 Extra"]
[Source "ChessBase"]
[SourceDate "2014.07.01"]
[SourceVersion "1"]
[SourceVersionDate "2014.07.01"]
[SourceQuality "1"]

1. c4 c6 2. g3 d5 3. Bg2 Nf6 4. Nf3 Bg4 5. Ne5 Be6 6. cxd5 Bxd5 7. Nf3 c5 8. Nc3 Bc6 9. 0-0 e6 10. d3 b5 11. a4 b4 12. Nb1 Nbd7 13. Nbd2 Be7 14. a5 Qc7 15. Nc4 e5 16. e4 Bb5 17. Qc2 0-0 18. Nh4 Nb8 19. Nf5 Nc6 20. f4 Rad8 21. fxe5 Ng4 22. Ncd6 Bxd3 23. Qxc5 Ngxe5 24. Qf2 Rxd6 25. Nxd6 Bxd6 26. Re1 Ng4 27. Qf5 Nce5 28. h3 Qc5+ 29. Kh1 g6 30. Qg5 h6 31. Qd2 Nf2+ 32. Kh2 Neg4+ 33. hxg4 Nxg4+ 34. Kh1 Qh5+ 0-1

[Event "Lille Luce op 5th"]
[Site "Lille"]
[Date "2014.04.30"]
[Round "3"]
[White "Rouze, Xavier"]
[Black "Koziak, Vitali"]
[Result "0-1"]
[WhiteElo "2084"]
[BlackElo "2509"]
[PlyCount "38"]
[EventDate "2014.04.28"]
[EventType "swiss"]
[EventRounds "9"]
[EventCountry "FRA"]
[SourceTitle "CBM 160 Extra"]
[Source "ChessBase"]
[SourceDate "2014.07.01"]
[SourceVersion "1"]
[SourceVersionDate "2014.07.01"]
[SourceQuality "1"]

1. c4 Nf6 2. g3 c6 3. Bg2 d5 4. Nf3 Bg4 5. Ne5 Be6 6. cxd5 Bxd5 7. Nf3 e5 8. Nc3 e4 9. Ng5 e3 10. f3 h6 11. Nh3 exd2+ 12. Bxd2 Nbd7 13. Nf4 Bc5 14. Qc2 Qe7 15. Nfxd5 cxd5 16. Qb3 0-0 17. f4 Nb6 18. Bxd5 Nfxd5 19. Nxd5 Qe4 0-1

[Event "Lille Luce op 5th"]
[Site "Lille"]
[Date "2014.04.29"]
[Round "2"]
[White "Miedema, David"]
[Black "Rouze, Xavier"]
[Result "0-1"]
[WhiteElo "2390"]
[BlackElo "2084"]
[PlyCount "142"]
[EventDate "2014.04.28"]
[EventType "swiss"]
[EventRounds "9"]
[EventCountry "FRA"]
[SourceTitle "CBM 160 Extra"]
[Source "ChessBase"]
[SourceDate "2014.07.01"]
[SourceVersion "1"]
[SourceVersionDate "2014.07.01"]
[SourceQuality "1"]

1. Nf3 d5 2. c4 c6 3. d4 Nf6 4. Nc3 dxc4 5. a4 Bf5 6. g3 e6 7. Bg2 Na6 8. 0-0 Nb4 9. a5 Bc2 10. Qd2 Bb3 11. Ne5 Rc8 12. Ne4 Nxe4 13. Bxe4 f6 14. Nf3 f5 15. Bb1 Nd5 16. Qe1 Bb4 17. Bd2 Bxd2 18. Nxd2 Nf6 19. Nxb3 cxb3 20. Qb4 Rc7 21. Qxb3 Qd5 22. Qe3 Kf7 23. Ba2 Qe4 24. Qxe4 Nxe4 25. f3 Nd6 26. e4 Rd8 27. Rad1 Re7 28. d5 cxd5 29. exd5 e5 30. Rc1 Kf6 31. Kf2 a6 32. g4 f4 33. h4 h6 34. Bb1 e4 35. Rg1 g5 36. Rh1 e3+ 37. Ke2 Nf7 38. Be4 Rd6 39. hxg5+ hxg5 40. Rc8 Ke5 41. Kd3 Red7 42. Re8+ Kf6 43. Kd4 b6 44. b4 bxa5 45. bxa5 Rb7 46. Rf8 Rdd7 47. Rg8 Ke7 48. Rg6 Rd6 49. Rxd6 Kxd6 50. Bd3 Rb4+ 51. Kc3 Ra4 52. Bxa6 Rxa5 53. Bd3 Ra3+ 54. Kd4 Ra4+ 55. Bc4 Rxc4+ 56. Kxc4 Ne5+ 57. Kd4 Nxf3+ 58. Ke4 Nd2+ 59. Kd3 Kxd5 60. Ra1 Nc4 61. Rb1 Ne5+ 62. Ke2 Nxg4 63. Rg1 Nf2 64. Rxg5+ Ke4 65. Ra5 f3+ 66. Kf1 Nd3 67. Ra4+ Kf5 68. Ra2 Kf4 69. Rc2 Kg3 70. Ra2 Nc1 71. Rc2 e2+ 0-1

[Event "Bethune op 32th"]
[Site "Bethune"]
[Date "2011.12.27"]
[Round "3.3"]
[White "Rouze, Xavier"]
[Black "Noiroux, Kevin"]
[Result "1-0"]
[WhiteElo "2069"]
[BlackElo "2190"]
[PlyCount "119"]
[EventDate "2011.12.26"]
[EventType "swiss"]
[EventRounds "9"]
[EventCountry "FRA"]
[SourceTitle "EXT 2014"]
[Source "ChessBase"]
[SourceDate "2013.11.20"]
[SourceVersion "1"]
[SourceVersionDate "2013.11.20"]
[SourceQuality "1"]

1. c4 g6 2. g3 Bg7 3. Bg2 c5 4. Nc3 Nc6 5. d3 b6 6. e4 Bb7 7. Nge2 d6 8. 0-0 e6 9. f4 Nge7 10. f5 gxf5 11. Bg5 h6 12. Bh4 Nd4 13. Nf4 Qc7 14. Nh5 Rg8 15. Nxg7+ Rxg7 16. Bf6 Rg6 17. Bxd4 cxd4 18. Nb5 Qc6 19. Bf3 fxe4 20. Bxe4 d5 21. Bxg6 Nxg6 22. Nxd4 Qc5 23. Qg4 e5 24. Rae1 Kf8 25. Qxg6 Qxd4+ 26. Kg2 dxc4+ 27. Kh3 Bc8+ 28. g4 Qxd3+ 29. Qxd3 cxd3 30. Rxe5 Ba6 31. Ref5 Bc4 32. b3 Be6 33. Re5 Kg7 34. Kg3 Rc8 35. Rd1 Rc2 36. Rxd3 Rxa2 37. h4 Ra3 38. Ree3 a5 39. Kf4 b5 40. g5 h5 41. Rd6 b4 42. Rexe6 fxe6 43. Rxe6 Rxb3 44. Re7+ Kg6 45. Re6+ Kf7 46. Ra6 Ra3 47. g6+ Kg7 48. Kg5 Rg3+ 49. Kxh5 b3 50. Rxa5 b2 51. Ra7+ Kf6 52. Rf7+ Ke6 53. Rb7 Rg2 54. Kh6 Kf6 55. Rb6+ Ke7 56. h5 Rh2 57. g7 Rg2 58. Kh7 Kf7 59. Rb7+ Kf6 60. g8Q 1-0

[Event "FRA-chT2 North 0809"]
[Site "France"]
[Date "2009.01.18"]
[Round "6.4"]
[White "Rouze, Xavier"]
[Black "Cozic, Erwan"]
[Result "1-0"]
[WhiteElo "2047"]
[BlackElo "2051"]
[PlyCount "87"]
[EventDate "2008.10.19"]
[EventType "tourn"]
[EventRounds "11"]
[EventCountry "FRA"]
[SourceTitle "EXT 2010"]
[Source "ChessBase"]
[SourceDate "2010.11.25"]
[SourceVersion "1"]
[SourceVersionDate "2010.11.25"]
[SourceQuality "1"]
[WhiteTeam "Henin Beaumont"]
[BlackTeam "Gonfreville II"]
[WhiteTeamCountry "FRA"]
[BlackTeamCountry "FRA"]

1. d4 Nf6 2. Bg5 Ne4 3. Bf4 d5 4. f3 Nd6 5. c3 Bf5 6. Qb3 e6 7. Nd2 Nd7 8. e3 c5 9. Ne2 b6 10. Ng3 Bg6 11. c4 cxd4 12. cxd5 e5 13. Bxe5 Nxe5 14. Qa4+ Nd7 15. Qxd4 Qf6 16. Qxf6 Nxf6 17. e4 Nd7 18. f4 f6 19. Be2 Be7 20. 0-0 0-0 21. Rae1 Rac8 22. Bg4 Rcd8 23. Be6+ Kh8 24. e5 fxe5 25. fxe5 Nb7 26. d6 Nxd6 27. exd6 Rxf1+ 28. Rxf1 Bxd6 29. Nde4 Be7 30. Nf5 Bf6 31. Nxf6 Nxf6 32. Rc1 Re8 33. Nd4 Ne4 34. Rc7 Rd8 35. Rxa7 h6 36. Rd7 Ra8 37. a3 Nc5 38. Rd6 Rb8 39. Bf5 Be8 40. b4 Na4 41. Nc6 Bxc6 42. Rxc6 Kg8 43. Be6+ Kh7 44. Bb3 1-0

[Event "FRA-chT2 Nord 0708"]
[Site "France"]
[Date "2007.10.21"]
[Round "1.6"]
[White "Rouze, Xavier"]
[Black "Dehesdin, Wilfried"]
[Result "1-0"]
[WhiteElo "2050"]
[BlackElo "2110"]
[PlyCount "81"]
[EventDate "2007.10.21"]
[EventType "team-tourn"]
[EventRounds "11"]
[EventCountry "FRA"]
[SourceTitle "EXT 2009"]
[Source "ChessBase"]
[SourceDate "2008.11.26"]
[SourceVersion "1"]
[SourceVersionDate "2008.11.26"]
[SourceQuality "1"]
[WhiteTeam "Henin Beaumont"]
[BlackTeam "Le Touquet"]
[WhiteTeamCountry "FRA"]
[BlackTeamCountry "FRA"]

1. d4 Nf6 2. c4 Nc6 3. Nf3 e6 4. Nc3 Bb4 5. e3 0-0 6. Bd3 d6 7. Qc2 e5 8. d5 Ne7 9. e4 Bxc3+ 10. Qxc3 b6 11. 0-0 a5 12. a3 a4 13. Bc2 Nd7 14. Be3 Nc5 15. Nd2 f5 16. f4 exf4 17. Bd4 fxe4 18. Bxg7 Rf7 19. Bh6 Ng6 20. g3 Bh3 21. Rfe1 f3 22. Be3 Bf5 23. Bxc5 bxc5 24. Nxe4 Bxe4 25. Rxe4 Qd7 26. Rf1 Ne5 27. Rh4 Raf8 28. Qe3 Rg7 29. Qh6 Qe7 30. Re4 Rf6 31. Qh5 Rff7 32. Bxa4 Qf6 33. Bd1 Rg5 34. Qh3 Qg6 35. Bc2 f2+ 36. Rxf2 Rxf2 37. Kxf2 Ng4+ 38. Kg1 Nf6 39. Qc8+ Kf7 40. Qxc7+ Kf8 41. Qd8+ 1-0

[Event "Bethune op 27th"]
[Site "Bethune"]
[Date "2006.12.26"]
[Round "1"]
[White "Jossien, Arnaud"]
[Black "Rouze, Xavier"]
[Result "1-0"]
[WhiteElo "2322"]
[BlackElo "2088"]
[PlyCount "45"]
[EventDate "2006.12.26"]
[EventType "swiss"]
[EventRounds "9"]
[EventCountry "FRA"]
[SourceTitle "CBM 116 Extra"]
[Source "ChessBase"]
[SourceDate "2007.03.07"]
[SourceVersion "1"]
[SourceVersionDate "2007.03.07"]
[SourceQuality "1"]

1. e4 Nf6 2. e5 Nd5 3. d4 d6 4. Nf3 g6 5. Bc4 c6 6. h3 Bg7 7. 0-0 dxe5 8. dxe5 0-0 9. Qe2 h6 10. Rd1 Qa5 11. Bd2 Qb6 12. Nc3 e6 13. Ne4 Nd7 14. Bb3 Nxe5 15. Nxe5 Bxe5 16. Bxh6 Rd8 17. c4 Nf4 18. Qf3 Nh5 19. g4 Ng7 20. c5 Qc7 21. Rxd8+ Qxd8 22. Rd1 Qc7 23. Nf6+ 1-0